|
|
|
|
| LEADER |
00956nam a2200253 a 4500 |
| 001 |
14194603 |
| 008 |
120619s2007 maua b 001 0 eng |
| 010 |
|
|
|a 2005058685
|
| 020 |
|
|
|a 0205482635
|
| 040 |
|
|
|a DLC
|c DLC
|d YDX
|d BAKER
|d MUQ
|d DLC
|d BD-DhAAL
|
| 042 |
|
|
|a pcc
|
| 050 |
0 |
0 |
|a H61
|b .B4715 2007
|
| 082 |
0 |
0 |
|a 300.72
|2 22
|
| 100 |
1 |
|
|a Berg, Bruce L.
|q (Bruce Lawrence),
|d 1954-
|
| 245 |
1 |
0 |
|a Qualitative research methods for the social sciences /
|c Bruce L. Berg.
|
| 250 |
|
|
|a 6th ed.
|
| 260 |
|
|
|a Boston :
|b Pearson/Allyn & Bacon,
|c c2007.
|
| 300 |
|
|
|a xvi, 384 p. :
|b ill. ;
|c 23 cm.
|
| 504 |
|
|
|a Includes bibliographical references and indexes.
|
| 541 |
|
|
|e 00025430
|
| 650 |
|
0 |
|a Social sciences
|x Research
|x Methodology.
|
| 852 |
1 |
|
|a Ayesha Abed Library
|c General shelf.
|
| 999 |
|
|
|c 12400
|d 12400
|
| 952 |
|
|
|0 0
|1 0
|2 ddc
|4 0
|6 300_720000000000000_BER
|7 0
|9 20530
|a JPGSPH
|b JPGSPH
|d 2012-06-20
|l 2
|m 1
|o 300.72 BER
|p 3060025430
|r 2016-09-07
|s 2016-08-24
|t 1
|w 2012-06-20
|y BK
|